Taylor Swift 1989 (TV) - Sudden Death - Statistics

General Stats
  • This quiz has been taken 184 times
  • The average score is 19 of 22
Answers on the Grid
Answers color-coded by a green-red scale on the quiz's grid according to % correct below.
Welcome To New York
Sweeter Than Fiction
Perfect Storm
I Know Places
This Love
Back To 1989
Daydreamin'
Suburban Legends
All You Had To Do Was Stay
Clean
Out Of The Woods
Tightrope
Wonderland
Is It Over Now?
Kaleidoscope
Wildest Dreams
Can We Pretend?
New Romantics
How You Get The Girl
Shake It Off
Bad Blood
Say Don't Go
I Wish You Would
Sinking Ships
Blank Space
Cheshire Cat Smile
You Are In Love
"Slut!"
Style
Now That We Don't Talk
 
Answer Stats
Answer % Correct
Welcome To New York
98%
Blank Space
95%
Bad Blood
94%
Shake It Off
94%
Wildest Dreams
93%
New Romantics
91%
Style
91%
I Know Places
90%
Out Of The Woods
90%
Clean
89%
All You Had To Do Was Stay
87%
How You Get The Girl
87%
"Slut!"
87%
This Love
87%
Wonderland
87%
I Wish You Would
86%
Is It Over Now?
85%
Now That We Don't Talk
85%
Say Don't Go
84%
You Are In Love
83%
Suburban Legends
80%
Sweeter Than Fiction
71%
No matching quizzes found
Score Distribution
Percent of People with Each Score
Percentile by Number Answered
Your Score History
You have not taken this quiz